[Dane v teórii a praxi]
Recenzia na publikáciu Harumová, A.: Dane v teórii a praxi. Publikácia obsahuje praktickú aplikáciu jednotlivých druhov daní patriacich do daňovej sústavy Slovenskej republiky, pričom ich konštrukciu konfrontuje so základnými princípmi vychádzajúcimi z daňovej teórie.
Salvato in:
| Autore principale: | |
|---|---|
| Natura: | Capitolo di libro |
| Lingua: | slovacco |
| Soggetti: | |
| Tags: |
Nessun Tag, puoi essere il primo ad aggiungerne!!
|
MARC
| LEADER | 00000naa a2200000 4500 | ||
|---|---|---|---|
| 001 | r047174 | ||
| 005 | 20230918081721.6 | ||
| 041 | 0 | |a slo | |
| 044 | |a SK | ||
| 245 | 1 | 0 | |a [Dane v teórii a praxi] |c Michal Borodovčák |
| 520 | |a Recenzia na publikáciu Harumová, A.: Dane v teórii a praxi. Publikácia obsahuje praktickú aplikáciu jednotlivých druhov daní patriacich do daňovej sústavy Slovenskej republiky, pričom ich konštrukciu konfrontuje so základnými princípmi vychádzajúcimi z daňovej teórie. | ||
| 610 | 2 | 0 | |a recenzie |
| 610 | 2 | 0 | |a sústava daňová |
| 610 | 2 | 0 | |a Slovensko |
| 610 | 2 | 0 | |a dane z príjmov |
| 610 | 2 | 0 | |a osoby fyzické |
| 610 | 2 | 0 | |a osoby právnické |
| 100 | 1 | |a Borodovčák, Michal | |